Urban Legends - Statistics

General Stats
  • This quiz has been taken 50 times
  • The average score is 8 of 12
Answer Stats
Hint Answer % Correct
Ugly and on a broom... witch
93%
Fire breath.... dragon
88%
What can sink whole ships? kraken
88%
What comes in the frost mountains? Yeti
86%
Can't stand the light... vampire
81%
What comes for goats in Mexico? chupacabra
76%
What can be see-through? ghost
74%
What has only been seen once but lives deep in a lake? loch ness monster
74%
What can never be spotted in North America? bigfoot
62%
These cause shipwrecks? sirens
48%
What looks tiny and harmless but can make you disappear or fly? fairies
2%
What is scarier than all those and follows beans? fart monster
2%
No matching quizzes found
Score Distribution
Percent of People with Each Score
Percentile by Number Answered
Your Score History
You have not taken this quiz